=LDR 00000nam 2200000 4500 =001 INLIS000000001052454 =005 20240829033711 =035 ##$$a 0010-0824000272 =007 ta =008 240829################a##########j###### =020 ##$$a 978-89-6509-650-4 =082 ##$$a 028.55 =084 ##$$a 028.55 CHO s =100 #$$a Choi Jeong-hee =245 1#$$a Satu keranjang jatuh /$c Choi Jeong-hee =260 ##$$a Gyeonggi-do :$b Tongkeun World =300 ##$$a 27 hlm. : $b ilus. ; $c 24,5 cm =600 #4$$a Bacaan kanak-kanak =990 ##$$a 18411841